| 000 | 00394nam a22001577a 4500 | ||
|---|---|---|---|
| 003 | SGT | ||
| 020 | _a9781543345995 | ||
| 082 |
_a615.58 _bB22P |
||
| 100 | _aBAWEJA, HIMANSHU | ||
| 245 | _aA TEXT BOOK OF PHARMACOTHERAPEUTICS-1 | ||
| 260 |
_aPUNJAB _bS.VIKASH AND COMPANY _c2022 |
||
| 300 | _a317 | ||
| 650 | _aPHARMACY | ||
| 653 | _aPHARMACOTHERAPEUTICS, THERAPEUTICS | ||
| 942 |
_2ddc _cGF BOOKS |
||
| 999 |
_c31312 _d31312 |
||